Iron Maiden Songs - Statistics

General Stats
  • This quiz has been taken 6,482 times
    4,290 since last reset
  • The average score is 63 of 165
Answer Stats
Song Title % Correct
The Number Of The Beast
92%
Fear Of The Dark
90%
Iron Maiden
89%
The Trooper
87%
Killers
84%
Powerslave
84%
Run To The Hills
83%
Aces High
81%
Seventh Son Of A Seventh Son
78%
Hallowed Be Thy Name
76%
2 Minutes To Midnight
74%
Wasted Years
73%
Brave New World
72%
Dance Of Death
69%
Flight Of Icarus
68%
Phantom Of The Opera
68%
Alexander The Great
65%
Rime Of The Ancient Mariner
65%
Caught Somewhere In Time
64%
Senjutsu
63%
Can I Play With Madness?
62%
22 Acacia Avenue
61%
No Prayer For The Dying
61%
The Book Of Souls
61%
Wrathchild
59%
The Prisoner
58%
Where Eagles Dare
58%
Moonchild
57%
Prowler
57%
Running Free
56%
Bring Your Daughter... To The Slaughter
55%
Children Of The Damned
55%
The Evil That Men Do
54%
Invaders
53%
Revelations
53%
Be Quick Or Be Dead
52%
Charlotte The Harlot
52%
The Wicker Man
52%
Die With Your Boots On
51%
The Clairvoyant
51%
Gangland
50%
Stranger In A Strange Land
49%
Afraid To Shoot Strangers
48%
Blood Brothers
48%
Flash Of The Blade
47%
Mother Russia
47%
Transylvania
47%
Deja-vù
46%
The Loneliness Of The Long Distance Runner
46%
To Tame A Land
46%
Wasting Love
46%
Infinite Dreams
45%
Murders In The Rue Morgue
45%
The Clansman
45%
Back In The Village
44%
Heaven Can Wait
44%
Holy Smoke
43%
Only The Good Die Young
43%
Paschendale
43%
The Writing On The Wall
43%
Remember Tomorrow
42%
Sea Of Madness
42%
Tailgunner
42%
Genghis Khan
41%
Losfer Words (Big 'Orra)
41%
Sign Of The Cross
41%
Sun And Steel
41%
The Duellists
41%
Quest For Fire
40%
Ides Of March
39%
Ghost Of The Navigator
38%
Empire Of The Clouds
37%
Sanctuary
37%
Speed Of Light
37%
Strange World
37%
The Prophecy
37%
El Dorado
36%
Purgatory
36%
Still Life
36%
Stratego
36%
From Here To Eternity
34%
Judas Be My Guide
34%
Drifter
33%
Rainmaker
33%
Weekend Warrior
33%
Futureal
32%
Out Of The Silent Planet
31%
Prodigal Son
31%
The Red And The Black
31%
Total Eclipse
31%
When The Wild Wind Blows
31%
Childhood's End
30%
Hell On Earth
30%
Man On The Edge
30%
The Reincarnation Of Benjamin Breeg
30%
The Thin Line Between Love And Hate
30%
Death Of The Celts
29%
Different World
29%
Dream Of Mirrors
29%
Fear Is The Key
28%
For The Greater Good Of God
28%
If Eternity Should Fail
28%
Journeyman
28%
Lord Of The Flies
28%
Satellite 15... The Final Frontier
28%
The Nomad
28%
These Colours Don't Run
28%
The Assassin
27%
The Mercenary
27%
Hooks In You
26%
No More Lies
26%
Tears Of A Clown
26%
The Angel And The Gambler
26%
2 A.M.
25%
Another Life
25%
Innocent Exile
25%
Montségur
25%
The Time Machine
25%
Brighter Than A Thousand Suns
24%
Public Enema Number One
24%
The Parchment
24%
Wildest Dreams
24%
Coming Home
23%
Como Estais Amigos
23%
Run Silent Run Deep
23%
The Talisman
23%
Chains Of Misery
22%
Days Of Future Past
22%
The Apparition
22%
The Longest Day
22%
Twilight Zone
22%
The Fugitive
21%
The Legacy
21%
The Pilgrim
21%
The Fallen Angel
20%
Darkest Hour
19%
Face In The Sand
19%
Isle Of Avalon
19%
Lightning Strikes Twice
19%
Lord Of Light
19%
Lost In A Lost World
19%
Mother Of Mercy
19%
The Alchemist
19%
Fates Warning
18%
The Man Who Would Be King
18%
Death Or Glory
17%
New Frontier
16%
Starblind
16%
When The River Runs Deep
16%
Don't Look To The Eyes Of A Stranger
15%
Gates Of Tomorrow
15%
Fortunes Of War
14%
The Aftermath
14%
The Educated Fool
14%
The Man Of Sorrows
14%
The Unbeliever
14%
Age Of Innocence
13%
Blood On The World's Hands
13%
Out Of The Shadows
13%
Shadows Of The Valley
13%
The Great Unknown
13%
When Two Worlds Collide
13%
Judgement Of Heaven
12%
The Edge Of Darkness
11%
Look For The Truth
10%
No matching quizzes found
Score Distribution
Percent of People with Each Score
Percentile by Number Answered
Your Score History
You have not taken this quiz since the last reset